ห้องสมุดวิทยาลัยพยาบาลบรมราชชนนี ตรัง
Boromarajonani College Of Nursing,Trang Library
เปลี่ยนเป็นภาษาไทย

Change to English
 แสดงรายละเอียดบรรณานุกรม
  กลับหน้าหลัก

Brief Record : Get Marc (ISO 2709) : E-mail record : QR code ปิดหน้าต่าง
หนังสือใหม่ : เกี่ยวกับ Collections
LEADER 00000nam 2200000uu 4500
001    13399123892
003     BCNT
008    260629s||||||||th 000 0 tha d
020    9786161153410
040    BCNT
050  4 WY100 อ253ค 2567 ล.1
060  4 WY100 อ253ค 2567 ล.1
100 0  ^aอภิญญา เพียรพิจารณ์.
245 1   ^aคู่มือปฏิบัติการพยาบาล.^nเล่ม 1 /^cอภิญญา เพียรพิจารณ์.
250    พิมพ์ครั้งที่ 2 (ฉบับปรับปรุงครั้งที่ 2).
260    นนทบุรี :^bโครงการสวัสดิการวิชาการ สถาบันพระบรมราชชนก,^c2567.
300    ^aก-ฏ, 229 หน้า :^bภาพประกอบ.
610  2 ^aการพยาบาลพื้นฐาน.
650  4 ^aการพยาบาล^vคู่มือปฏิบัติการ
655  4 ^aHealth Sciences Branch.
710 2  ^aสถาบันพระบรมราชชนก.^bโครงการสวัสดิการวิชาการ.
999    ^aparamin
รายการนี้ยังไม่มีแท็ก
คุณยังไม่ได้ล็อกอิน คุณสามารถมีกิจกรรมร่วมกับเว็บไซต์ได้ แต่ต้องล็อกอินก่อน ::
  ล็อกอิน
ลำดับที่ ประเภท เลขเรียก สถานที่ สถานะ
1. หนังสือ
หนังสือ
WY100 อ253ค 2567 ล.1 c.1 
  
ห้องสมุดสาขาหลัก
►ระบบ NLM
On Shelf
2. หนังสือ
หนังสือ
WY100 อ253ค 2567 ล.1 c.2 
  
ห้องสมุดสาขาหลัก
►ระบบ NLM
On Shelf
3. หนังสือ
หนังสือ
WY100 อ253ค 2567 ล.1 c.3 
  
ห้องสมุดสาขาหลัก
►ระบบ NLM
On Shelf
4. หนังสือ
หนังสือ
WY100 อ253ค 2567 ล.1 c.4 
  
ห้องสมุดสาขาหลัก
►ระบบ NLM
On Shelf
5. หนังสือ
หนังสือ
WY100 อ253ค 2567 ล.1 c.5 
  
ห้องสมุดสาขาหลัก
►ระบบ NLM
On Shelf
   [แสดง 5/5 รายการ]

BibComment


ยังไม่เคยถูกคอมเมนท์

คอมเมนท์ทรัพยากรรายการนี้
  คอมเมนท์: คู่มือปฏิบัติกา..
Bib 13399123892

 
 
 

 Union Library Management : ULibM
Copyright 2026. All Rights Reserved.